LEADER 01103nam--2200385---450- 001 990002904500203316 005 20070417100541.0 010 $a88-382-3486-8 035 $a000290450 035 $aUSA01000290450 035 $a(ALEPH)000290450USA01 035 $a000290450 100 $a20070417d1984----km-y0itay50------ba 101 $aita 102 $aIT 105 $a||||||||001yy 200 1 $aFigli e padri$fArturo Carlo Jemolo 210 $aRoma$cStudium$d1984 215 $aXXIX, 196 p.$d19 cm 225 2 $aCoscienza del tempo$v7 300 $aCompl. del tit. in cop. Ricordo di A. C. Jemolo di Mons. Achille Silvestrini 410 0$12001$aCoscienza del tempo 454 1$12001 461 1$1001-------$12001 606 0 $aChiesa e Stato$yItalia 676 $a322.10943 700 1$aJEMOLO,$bArturo Carlo$0246623 801 0$aIT$bsalbc$gISBD 912 $a990002904500203316 951 $a322.10943 JEM$b1978 DITESI (armadio 4 I n.137) 959 $aBK 969 $aDITESI 979 $aDITESI$b10$c20070417$lUSA01$h1005 996 $aFigli e padri$9989346 997 $aUNISA